| 000 | 00630cam a22002175a 4500 | ||
|---|---|---|---|
| 001 | L159679 | ||
| 008 | 150226s2017 xxk f 000 0 eng d | ||
| 035 | _a(Sirsi) u159679 | ||
| 041 | 0 | _aeng | |
| 100 | 1 | _aPuckett, Katie | |
| 245 | 0 | 0 | _aUnder lock and keychain |
| 260 | _c2017 | ||
| 490 |
_aModus _vApril 2017, 26-28 (3) |
||
| 520 | _aLooks at the data centres and their requirements for security and energy and the role surveyors can play in it. | ||
| 590 | _aKA | ||
| 650 | 2 | 4 | _aDATA CENTRES |
| 650 | 2 | 4 | _aSECURITY |
| 650 | 2 | 4 | _aINFORMATION AND COMMUNICATION TECHNOLOGY |
| 690 |
_aInfrastructure _96246 |
||
| 942 | _n0 | ||
| 999 |
_c84906 _d84906 |
||